Los socialistas en el poder / (Record no. 145026)

MARC details
000 -LEADER
campo de control de longitud fija 00499nam a2200181 4500
001 - NÚMERO DE CONTROL
campo de control 145026
003 - IDENTIFICADOR DE NÚMERO DE CONTROL
campo de control ES-MaACL
007 - CAMPO FIJO DE DESCRIPCIÓN FÍSICA--INFORMACIÓN GENERAL
campo de control de longitud fija t|
008 - DATOS DE LONGITUD FIJA--INFORMACIÓN GENERAL
campo de control de longitud fija 070214s1986 sp r ||||1| spa d
100 1# - ENTRADA PRINCIPAL--NOMBRE DE PERSONA
Nombre de persona Sotelo, Ignacio.
9 (RLIN) 107458
245 14 - MENCIÓN DEL TÍTULO
Título Los socialistas en el poder /
Mención de responsabilidad, etc. Ignacio Sotelo.
260 ## - PUBLICACIÓN, DISTRIBUCIÓN, ETC.
Lugar de publicación, distribución, etc. Madrid :
Nombre del editor, distribuidor, etc. El País,
Fecha de publicación, distribución, etc. 1986.
300 ## - DESCRIPCIÓN FÍSICA
Extensión 315 p. ;
Dimensiones 21 cm.
490 1# - MENCIÓN DE SERIE
Mención de serie En El País ;
Designación de volumen o secuencia 12
830 0# - PUNTO DE ACCESO ADICIONAL DE SERIE-TÍTULO UNIFORME
Título uniforme En El País
Designación de volumen o secuencia 12
9 (RLIN) 177689
852 ## - LOCALIZACIÓN
Ubicación ES-MaACL
Número de control de estantería B-2020
Sublocalización o colección R.115132
Holdings
Estatus retirado Estado de pérdida Estado de daño No para préstamo Biblioteca de origen Biblioteca actual Ubicación en estantería Fecha de adquisición Fuente de adquisición Total de préstamos Signatura topográfica completa Código de barras Visto por última vez Precio de reemplazo Tipo de ítem Koha
        Biblioteca del Ateneo de Madrid Biblioteca del Ateneo de Madrid Sala Pardo Bazán 17/01/2008     B-2020 1151388 23/02/2023 23/02/2023 Libro impreso